000 00698nam a2200229Ia 4500
005 20231123090215.0
008 131103s9999 xx 000 0 und d
020 _a0-7190-4930-X
_c13.99 pds
040 _aLoreto College
041 _aEnglish
082 _a327
_bKNU
100 _aKnutsen, Torbjorn L.
245 2 _aA History of international relations theory
_cTarbjarm L. Knusten
250 _a2nd ed.
260 _aManchester
_bManchester University Press
_c1997
300 _axi,354 p.
_b ill.,4 figures
504 _aIncludes bibliographical references and index
650 _aPolitics - International Relations -
651 _aPolitical Science -
850 _aLCLIB
942 _cBK
999 _c1380
_d51859